<?xml version="1.0" encoding="UTF-8"?>
<record
    xmlns:xsi="http://www.w3.org/2001/XMLSchema-instance"
    xsi:schemaLocation="http://www.loc.gov/MARC21/slim http://www.loc.gov/standards/marcxml/schema/MARC21slim.xsd"
    xmlns="http://www.loc.gov/MARC21/slim">

  <leader>01559    a2200229   4500</leader>
  <controlfield tag="001">57145</controlfield>
  <controlfield tag="005">20260407155834.0</controlfield>
  <controlfield tag="008">260407a1995    arg                 spa d</controlfield>
  <controlfield tag="003">AR-UNSa-BCEJYS</controlfield>
  <datafield tag="040" ind1=" " ind2=" ">
    <subfield code="a">AR-UNSa-BCEJYS</subfield>
    <subfield code="b">spa</subfield>
    <subfield code="c">AR-UNSa-BCEJYS</subfield>
  </datafield>
  <datafield tag="080" ind1=" " ind2=" ">
    <subfield code="a">37</subfield>
    <subfield code="x">Educaci&#xF3;n. Ense&#xF1;anza. Formaci&#xF3;n</subfield>
  </datafield>
  <datafield tag="245" ind1="1" ind2="0">
    <subfield code="a">De la actualidad a la escuela</subfield>
    <subfield code="p">la formaci&#xF3;n social y democr&#xE1;tica</subfield>
  </datafield>
  <datafield tag="020" ind1=" " ind2=" ">
    <subfield code="a">950-701-307-5</subfield>
  </datafield>
  <datafield tag="264" ind1=" " ind2="1">
    <subfield code="a">Buenos Aires :</subfield>
    <subfield code="b">Aique Grupo Editor</subfield>
    <subfield code="c">1995</subfield>
  </datafield>
  <datafield tag="300" ind1=" " ind2=" ">
    <subfield code="a">84 p.</subfield>
    <subfield code="c">22 cm.</subfield>
  </datafield>
  <datafield tag="505" ind1=" " ind2=" ">
    <subfield code="a">1. La socializaci&#xF3;n pol&#xED;tica: un aprendizaje democr&#xE1;tico &#x2013; 2. El primer  valor de la justicia &#x2013; 3. &#xBF;Qui&#xE9;n es democr&#xE1;tico? &#x2013; 4. El conocimiento pol&#xED;tico &#x2013; 5. La participaci&#xF3;n &#x2013; 6.Las fuentes de informaci&#xF3;n &#x2013; 6.Las fuentes de informaci&#xF3;n: un acceso desigual &#x2013; 7.Una formaci&#xF3;n interdisciplinaria &#x2013; 8.Trabajar por proyectos &#x2013; 9. Los contenidos transversales &#x2013; 10. &#xBF;Qu&#xE9; ense&#xF1;amos? &#x2013; 11.La actualidad: un disparador una clase &#x2013; 12.Estrategias del aula &#x2013; 13. Una acci&#xF3;n una comunidad &#x2013; 14. Todos los  contenidos, en todas las &#xE1;reas, incluyen valores &#x2013; 15.Al final, la evaluaci&#xF3;n &#x2013; 16.El curr&#xED;culo oculto &#x2013; 17.Que la formaci&#xF3;n pol&#xED;tica sea un elemento para evaluar la calidad educativa &#x2013; 18. &#xBF;Qu&#xE9; pasa con la cultura social de los chicos? &#x2013; 19.Los riesgos, las garant&#xED;as.</subfield>
  </datafield>
  <datafield tag="041" ind1=" " ind2=" ">
    <subfield code="a">spa</subfield>
  </datafield>
  <datafield tag="942" ind1=" " ind2=" ">
    <subfield code="c">BK</subfield>
  </datafield>
  <datafield tag="590" ind1=" " ind2=" ">
    <subfield code="a">niveau_biblio:m niveau_hierar:0</subfield>
  </datafield>
  <datafield tag="100" ind1="1" ind2=" ">
    <subfield code="a">Morduchowicz, Roxana</subfield>
  </datafield>
  <datafield tag="856" ind1="4" ind2="1">
    <subfield code="u">https://biblioeco.unsa.edu.ar/pmb/images/libros/L128714.jpg</subfield>
    <subfield code="y">Imagen de portada</subfield>
    <subfield code="q">image/jpeg</subfield>
  </datafield>
  <datafield tag="999" ind1=" " ind2=" ">
    <subfield code="c">6137</subfield>
    <subfield code="d">6137</subfield>
  </datafield>
  <datafield tag="952" ind1=" " ind2=" ">
    <subfield code="0">0</subfield>
    <subfield code="1">0</subfield>
    <subfield code="4">0</subfield>
    <subfield code="7">0</subfield>
    <subfield code="a">BCEJYS</subfield>
    <subfield code="b">BCEJYS</subfield>
    <subfield code="c">16</subfield>
    <subfield code="d">2026-04-07</subfield>
    <subfield code="l">0</subfield>
    <subfield code="o">37 M834</subfield>
    <subfield code="p">L128714</subfield>
    <subfield code="r">2026-04-07 15:58:34</subfield>
    <subfield code="w">2026-04-07</subfield>
    <subfield code="y">L</subfield>
  </datafield>
</record>
